000 00874nam a22002897a 4500
001 BR8007482
003 BR-BrBNA
005 20230928090848.0
007 ta
008 230509b bl.||||| |||| 00| 0 por d
040 _aBR-BrBNA
_bpor
_cBiblioteca Nacional de Agricultura
041 _a(Spa, Eng, Fre)
072 _aF04
_b3801
090 _ 3801 BR8007482
110 1 _aInstituto de Pesquisas Tecnologicas, Sao Paulo, SP (Brasil)
_96224
111 1 _aSeminario sobre Tecnicas de Granulacao
_cSao Paulo, SP (Brazil)
_d11-13 Apr 1980
245 1 _aSeminario sobre Tecnicas de Granulacao [Fertilizante]
260 3 _aSao Paulo, SP (Brasil):
_c1980.
300 _a365 p.
650 _aFERTILIZANTE
650 _aGRANULO
650 _aCOMPOSICAO QUIMICA
650 _aINDUSTRIALIZACAO
650 _aCONSUMO
909 _a202309
_bLucia
_c55
_dLucia Elande
942 _cBK
999 _c30955
_d30955